• 首页
  • 本馆介绍
  • 公告通知
  • 最新文献
  • 馆藏检索
  • 电子资源
  • 读者导购
  • 参考咨询
  • 我的图书馆
  • 登录
  • 详细信息显示
  • 放入我的书架
  • 预约/预借图书
  • 作者相关作品
  • 分类相关作品
  • 丛书相关作品
  • 出版社相关作品

书目信息

  • 表格格式
  • 工作单格式
  • 卡片格式
题名:
国际物流实务
    
 
作者: 张清 , 栾琨 主编
分册:  
出版信息: 北京   清华大学出版社  2019.10
页数: 193页
开本: 26cm
丛书名:
单 册:
中图分类: F259.1
科图分类:
主题词: 国际物流--guo ji wu liu--高等学校--教材
电子资源:
ISBN: 978-7-5121-3691-5
000 01100nam0 2200265 450
001 2159501216
005 20211012170723.11
010    @a978-7-5121-3691-5@dCNY36.00
100    @a20200109d2019 em y0chiy50 ea
101 0  @achi
102    @aCN@b110000
105    @aa z 000yy
106    @ar
200 1  @a国际物流实务@Aguo ji wu liu shi wu@f张清,栾琨主编
205    @a2版
210    @a北京@c清华大学出版社@c北京交通大学出版社@d2019.10
215    @a193页@c图@d26cm
300    @a21世纪高等学校物流管理与物流工程规划教材
330    @a本书从国际物流的基本概念和相关知识出发,在介绍国际物流一般知识的基础上,围绕国际物流业务的运作,阐明国际贸易的基础知识以及商检、报关、国际货运代理如何配合国际物流运作等,介绍国际贸易口岸基本知识、国际物流分布状况,说明国际货物运输方式、国际物流的租船业务、国际物流仓储包装、出口单证的种类及制作等业务过程。
606 0  @a国际物流@Aguo ji wu liu@x高等学校@j教材
690    @aF259.1@v5
701  0 @a张清@Azhang qing@c(物流管理)@4主编
701  0 @a栾琨@Aluan kun@c(物流管理)@4主编
801  0 @aCN@b百万庄@c20211007
905    @b1307581-83@dF259.1@e336=2@f3
    
    国际物流实务/张清,栾琨主编.-2版.-北京:清华大学出版社:北京交通大学出版社,2019.10
    193页:图;26cm
    21世纪高等学校物流管理与物流工程规划教材
    
    ISBN 978-7-5121-3691-5:CNY36.00
    本书从国际物流的基本概念和相关知识出发,在介绍国际物流一般知识的基础上,围绕国际物流业务的运作,阐明国际贸易的基础知识以及商检、报关、国际货运代理如何配合国际物流运作等,介绍国际贸易口岸基本知识、国际物流分布状况,说明国际货物运输方式、国际物流的租船业务、国际物流仓储包装、出口单证的种类及制作等业务过程。
●
相关链接 在E读中查询图书 在五车中查询图书 在当当中查询图书 在豆瓣中查询图书


正题名:国际物流实务     索取号:F259.1/336=2         预约/预借

序号 登录号 条形码 馆藏地/架位号 状态 备注
1 1307581   213075811   第一样本阅览室/ [索取号:F259.1/336=2] 在馆    
2 1307582   213075820   第一借阅区/ [索取号:F259.1/336=2] 在馆    
3 1307583   213075839   第一借阅区/ [索取号:F259.1/336=2] 在馆    
唐山师范学院图书馆 欢迎您!
大连网信软件有限公司© 版权所有